000 00337nam a2200145Ia 4500
008 191201s2010 xx 000 0 und d
082 _a658
_bAGP
100 _aAGARWAL, PK
245 0 _aPrinciples and Practice of Management
250 _aRev
260 _aN. Delhi
_bExcel Books
_c2010
300 _a450
650 _aBBA
942 _2ddc
_cBK
999 _c48
_d48